| 000 | 00522nam a22001937a 4500 | ||
|---|---|---|---|
| 003 | OSt | ||
| 005 | 20240516122647.0 | ||
| 008 | 240516b |||||||| |||| 00| 0 eng d | ||
| 020 | _a9780471309321 | ||
| 040 | _cDDC | ||
| 082 |
_2Third Edition, _a537.6 JAC 1999. |
||
| 100 | _4Jackson,John David. | ||
| 245 | _aClassical Electrodynamics | ||
| 260 |
_aUSA, _bJohn Wily & Sons _c1999 |
||
| 300 |
_aXxi;808p, _bill, _c26.9cm |
||
| 504 | _aAppendix,Bibliography and Index. | ||
| 650 |
_aPhysics _9809 |
||
| 942 |
_2ddc _cO_SHELF |
||
| 999 |
_c8335 _d8335 |
||